000 00518nam a2200193Ia 4500
999 _c32033
_d32033
003 OSt
005 20200916150922.0
008 190216s9999||||xx |||||||||||||| ||und||
020 _a8175562498
040 _coclc
082 _a532
_bGOY/F
100 _aGoyal, J K
_94643
245 0 _aFluid Dynamics /
_c J K Goyal ; K P Gupta
250 _a9th Ed.
260 _bPragathi Prakashan,
_aMeerut:
_c2001.
300 _a602
650 _aMathematics
942 _cBK
_2ddc
_h532
_iGOY/F
_k532
_mGOY/F